000 00582nam a22001817a 4500
005 20251126180616.0
008 251120b |||||||| |||| 00| 0 eng d
020 _a978-93-48565-63-1
041 _aeng
082 _a615.190 0153 RAJ-T
100 _aRAJPUT, HAKIM SINGH AND PORWAL, SUNIL SONKAR & SINGH, SUMAN
_98750
245 _aA TEXTBOOK OF PHYSICAL PHARMACEUTICS - II FOR THE STUDENTS OF B. PHARMA [4TH SEMESTER]
250 _a1ST ED, 2025
260 _aNEW DELHI
_bINNOVATIVE PUBLISHERS PVT. LTD
_c2025
300 _a104;P
650 _aPHARMACY
_xB. PHARMA
942 _cBK
999 _c8922
_d8920